[Event "RUS-ch Blitz 2021"]
[Site "Sochi"]
[Date "2021.10.11"]
[Round "3.23"]
[White "Lysyj, Igor"]
[Black "Popov, Maksim"]
[Result "1-0"]
[WhiteElo "2603"]
[BlackElo "2179"]
[Annotator "ChessBase"]
[PlyCount "119"]
[EventDate "2021.10.11"]
[EventType "blitz"]
[EventCountry "RUS"]
[SourceTitle "playchess.com"]
[Source "ChessBase"]
[SourceQuality "1"]
[TimeControl "180+2"]

1. d4 {[%emt 0:00:00]} Nf6 {[%emt 0:00:00]} 2. c4 {[%emt 0:00:00]} e6 {[%emt 0:
00:05]} 3. Nf3 {[%emt 0:00:04]} d5 {[%emt 0:00:00]} 4. g3 {[%emt 0:00:00]} Bb4+
{[%emt 0:00:03]} 5. Bd2 {[%emt 0:00:00]} Bd6 {[%emt 0:00:00]} 6. Bg2 {[%emt 0:
00:00]} O-O {[%emt 0:00:02]} 7. O-O {[%emt 0:00:03]} Nbd7 {[%emt 0:00:00]} 8.
Bc3 {[%emt 0:00:11]} c6 {[%emt 0:00:11]} 9. Nbd2 {[%emt 0:00:00]} Qe7 {[%emt 0:
00:03]} 10. Ne5 {[%emt 0:00:08]} c5 {[%emt 0:00:16]} 11. e3 {[%emt 0:00:08]} b6
{[%emt 0:00:06]} 12. Nxd7 {[%emt 0:00:19]} Bxd7 {[%emt 0:00:18]} 13. dxc5 {
[%emt 0:00:00]} Bxc5 {[%emt 0:00:39]} 14. Bxf6 {[%emt 0:00:09]} Qxf6 {[%emt 0:
00:00]} 15. cxd5 {[%emt 0:00:00]} exd5 {[%emt 0:00:03]} 16. Bxd5 {[%emt 0:00:
08]} Rad8 {[%emt 0:00:13]} 17. Qb3 {[%emt 0:00:45]} Be6 {[%emt 0:00:32]} 18.
Ne4 {[%emt 0:00:27]} Qe5 {[%emt 0:00:00]} 19. Bxe6 {[%emt 0:00:03]} Qxe4 {
[%emt 0:00:00]} 20. Bc4 {[%emt 0:00:07]} h5 {[%emt 0:00:25]} 21. Rad1 {[%emt 0:
00:07]} Qf3 {[%emt 0:00:13]} 22. Bd5 {[%emt 0:00:07]} Qf6 {[%emt 0:00:03]} 23.
h4 {[%emt 0:00:10]} Bd6 {[%emt 0:00:09]} 24. Rd3 {[%emt 0:00:08]} Be5 {[%emt 0:
00:06]} 25. Rfd1 {[%emt 0:00:08]} Kh8 {[%emt 0:00:02]} 26. Bc4 {[%emt 0:00:16]}
Rc8 {[%emt 0:00:07]} 27. Rd7 {[%emt 0:00:03]} Bxb2 {[%emt 0:00:10]} 28. Bxf7 {
[%emt 0:00:11]} a5 {[%emt 0:00:07]} 29. Qd5 {[%emt 0:00:10]} Rc5 {[%emt 0:00:
05]} 30. Qe6 {[%emt 0:00:00]} Qxe6 {[%emt 0:00:02]} 31. Bxe6 {[%emt 0:00:00]}
Bf6 {[%emt 0:00:00]} 32. Rf7 {[%emt 0:00:07]} Re8 {[%emt 0:00:04]} 33. Bb3 {
[%emt 0:00:00]} b5 {[%emt 0:00:00]} 34. Ra7 {[%emt 0:00:03]} a4 {[%emt 0:00:02]
} 35. Bf7 {[%emt 0:00:00]} Rec8 {[%emt 0:00:03]} 36. Bg6 {[%emt 0:00:00]} Bb2 {
[%emt 0:00:01]} 37. Kg2 {[%emt 0:00:08]} a3 {[%emt 0:00:00]} 38. Rb7 {[%emt 0:
00:00]} Bc3 {[%emt 0:00:00]} 39. Rdd7 {[%emt 0:00:02]} b4 {[%emt 0:00:02]} 40.
Bf7 {[%emt 0:00:03]} Rf8 {[%emt 0:00:01]} 41. Bb3 {[%emt 0:00:03]} Rcf5 {
[%emt 0:00:01]} 42. f4 {[%emt 0:00:01]} Rc5 {[%emt 0:00:01]} 43. Rd5 {[%emt 0:
00:02]} Rxd5 {[%emt 0:00:07]} 44. Bxd5 {[%emt 0:00:00]} Kh7 {[%emt 0:00:02]}
45. Bb3 {[%emt 0:00:00]} Rd8 {[%emt 0:00:00]} 46. Kf3 {[%emt 0:00:04]} Rd2 {
[%emt 0:00:00]} 47. e4 {[%emt 0:00:02]} Rb2 {[%emt 0:00:06]} 48. Ra7 {[%emt 0:
00:00]} Rb1 {[%emt 0:00:00]} 49. e5 {[%emt 0:00:03]} Re1 {[%emt 0:00:00]} 50.
Bc2+ {[%emt 0:00:01]} Kg8 {[%emt 0:00:05]} 51. Bg6 {[%emt 0:00:02]} Kf8 {
[%emt 0:00:03]} 52. Rf7+ {[%emt 0:00:00]} Ke8 {[%emt 0:00:03]} 53. Rxg7+ {
[%emt 0:00:03]} Kd8 {[%emt 0:00:00]} 54. Ra7 {[%emt 0:00:02]} Bb2 {[%emt 0:00:
06]} 55. Bf7 {[%emt 0:00:01]} Rf1+ {[%emt 0:00:02]} 56. Ke4 {[%emt 0:00:00]}
Rg1 {[%emt 0:00:00]} 57. Kf5 {[%emt 0:00:02]} Rxg3 {[%emt 0:00:03]} 58. Bd5 {
[%emt 0:00:02]} Rg4 {[%emt 0:00:02]} 59. e6 {[%emt 0:00:03]} Bc1 {[%emt 0:00:
00]} 60. e7+ {[%emt 0:00:01]} 1-0

[Event "RUS-ch Blitz 2021"]
[Site "Sochi"]
[Date "2021.10.11"]
[Round "3.24"]
[White "Sakaev, Konstantin"]
[Black "Bychkov, Vladimir"]
[Result "1/2-1/2"]
[WhiteElo "2603"]
[BlackElo "2303"]
[Annotator "ChessBase"]
[PlyCount "84"]
[EventDate "2021.10.11"]
[EventType "blitz"]
[EventCountry "RUS"]
[SourceTitle "playchess.com"]
[Source "ChessBase"]
[SourceQuality "1"]
[TimeControl "180+2"]

1. d4 {[%emt 0:00:00]} Nf6 {[%emt 0:00:00]} 2. c4 {[%emt 0:00:00]} e6 {[%emt 0:
00:05]} 3. Nc3 {[%emt 0:00:04]} Bb4 {[%emt 0:00:00]} 4. e3 {[%emt 0:00:00]} c5
{[%emt 0:00:03]} 5. Nge2 {[%emt 0:00:02]} O-O {[%emt 0:00:03]} 6. a3 {[%emt 0:
00:00]} Bxc3+ {[%emt 0:00:04]} 7. Nxc3 {[%emt 0:00:01]} d6 {[%emt 0:00:07]} 8.
Be2 {[%emt 0:00:26]} Nc6 {[%emt 0:00:23]} 9. d5 {[%emt 0:00:06]} exd5 {[%emt 0:
00:00]} 10. cxd5 {[%emt 0:00:03]} Ne7 {[%emt 0:00:23]} 11. O-O {[%emt 0:00:04]}
a6 {[%emt 0:00:14]} 12. a4 {[%emt 0:00:00]} b6 {[%emt 0:00:00]} 13. e4 {
[%emt 0:00:03]} Bd7 {[%emt 0:00:19]} 14. Bf4 {[%emt 0:00:00]} Qc7 {[%emt 0:00:
12]} 15. Bg5 {[%emt 0:00:21]} Ng6 {[%emt 0:00:14]} 16. f4 {[%emt 0:00:08]} Ne8
{[%emt 0:00:24]} 17. f5 {[%emt 0:00:00]} Ne5 {[%emt 0:00:00]} 18. Be7 {[%emt 0:
00:09]} Bxa4 {[%emt 0:00:00]} 19. Nxa4 {[%emt 0:00:31]} Qxe7 {[%emt 0:00:00]}
20. Nxb6 {[%emt 0:00:00]} Rb8 {[%emt 0:00:00]} 21. Na4 {[%emt 0:00:13]} Nf6 {
[%emt 0:00:16]} 22. Qc2 {[%emt 0:00:00]} Rb4 {[%emt 0:00:03]} 23. Nc3 {[%emt 0:
00:00]} Qb7 {[%emt 0:00:03]} 24. Rfb1 {[%emt 0:00:14]} c4 {[%emt 0:00:00]} 25.
Ra2 {[%emt 0:00:09]} Qb6+ {[%emt 0:00:00]} 26. Kh1 {[%emt 0:00:04]} Nfg4 {
[%emt 0:00:01]} 27. Bxg4 {[%emt 0:00:00]} Nxg4 {[%emt 0:00:06]} 28. h3 {
[%emt 0:00:00]} Ne5 {[%emt 0:00:24]} 29. f6 {[%emt 0:00:08]} Rb8 {[%emt 0:00:
00]} 30. Qd2 {[%emt 0:00:06]} gxf6 {[%emt 0:00:11]} 31. Qf4 {[%emt 0:00:00]}
Ng6 {[%emt 0:00:11]} 32. Qxf6 {[%emt 0:00:02]} Qe3 {[%emt 0:00:02]} 33. Rf1 {
[%emt 0:00:22]} R4b7 {[%emt 0:00:07]} 34. Qxd6 {[%emt 0:00:00]} Rxb2 {[%emt 0:
00:03]} 35. Rxb2 {[%emt 0:00:06]} Rxb2 {[%emt 0:00:00]} 36. Qd8+ {[%emt 0:00:
00]} Nf8 {[%emt 0:00:00]} 37. Qf6 {[%emt 0:00:02]} Rb7 {[%emt 0:00:07]} 38. d6
{[%emt 0:00:04]} Qd3 {[%emt 0:00:09]} 39. Nd5 {[%emt 0:00:05]} Ng6 {[%emt 0:00:
00]} 40. Ne7+ {[%emt 0:00:03]} Nxe7 {[%emt 0:00:00]} 41. Qxf7+ {[%emt 0:00:00]}
Kh8 {[%emt 0:00:03]} 42. dxe7 {[%emt 0:00:12]} Qd8 {[%emt 0:00:00]} 1/2-1/2

[Event "RUS-ch Blitz 2021"]
[Site "Sochi"]
[Date "2021.10.11"]
[Round "4.1"]
[White "Afanasiev, Nikita"]
[Black "Artemiev, Vladislav"]
[Result "0-1"]
[WhiteElo "2560"]
[BlackElo "2699"]
[Annotator "TA"]
[PlyCount "60"]
[EventDate "2021.10.11"]
[EventType "blitz"]
[EventCountry "RUS"]
[SourceTitle "playchess.com"]
[Source "ChessBase"]
[SourceQuality "1"]

{[%evp 13,60,-16,21,22,20,0,0,0,0,-18,-14,-10,13,-6,0,-46,-46,-42,-18,-47,-27,
-27,-25,-30,-27,-36,-24,-21,-28,-28,-18,-63,-66,-67,-75,-389,-391,-391,-337,
-335,-329,-330,-336,-498,-489,-1765,-1636,-1440,-1378]} 1. Nf3 Nf6 2. g3 g6 3.
Bg2 Bg7 4. O-O O-O 5. d4 d5 6. c4 c6 {6...c6 scores better than 6...dxc4.} 7.
Qb3 a5 8. cxd5 {D78: Fianchetto Grünfeld: 6 0-0 c6.} a4 9. Qa3 cxd5 10. Nc3 {
The position is equal.} Nc6 11. Bf4 Qa5 12. Rfd1 {[#]} Rd8 $146 ({Predecessor:
} 12... Re8 13. Ne5 e6 14. Nxc6 bxc6 15. Bd6 Nd7 16. Rac1 Nb6 17. Qc5 Qxc5 18.
Bxc5 Nd7 {1-0 (51) Van Wely,L (2661)-Sriram,J (2367) Sanem 2017}) 13. Rac1 e6
14. Qc5 Qxc5 15. dxc5 Bd7 16. Ne5 Nxe5 17. Bxe5 Bc6 18. b4 axb3 19. axb3 Ng4
20. Bxg7 Kxg7 21. b4 Ra3 22. b5 Be8 23. e4 {[%cal Re4d5]} d4 24. c6 $2 {
[%mdl 8192] [#] This move loses the game for White.} Rxc3 $19 ({Weaker is} 
24... bxc6 25. Nb1 $17) 25. h3 Rxc1 26. Rxc1 bxc6 {[%cal Bb7c6,Bc6b5,Bb5b4]
[%mdl 32]} 27. hxg4 cxb5 28. Bf1 (28. Rb1 {was worth a try.}) 28... d3 {
[#] Hoping for ...d2.Black is clearly winning.} 29. f4 (29. Rb1 $142) 29... d2
30. Rd1 b4 {Weighted Error Value: White=0.70/Black=0.06} 0-1

[Event "RUS-ch Blitz 2021"]
[Site "Sochi"]
[Date "2021.10.11"]
[Round "4.2"]
[White "Dreev, Aleksey"]
[Black "Bocharov, Dmitry"]
[Result "1/2-1/2"]
[WhiteElo "2635"]
[BlackElo "2517"]
[Annotator "ChessBase"]
[PlyCount "84"]
[EventDate "2021.10.11"]
[EventType "blitz"]
[EventCountry "RUS"]
[SourceTitle "playchess.com"]
[Source "ChessBase"]
[SourceQuality "1"]
[TimeControl "180+2"]

1. d4 {[%emt 0:00:00]} Nf6 {[%emt 0:00:00]} 2. c4 {[%emt 0:00:00]} e6 {[%emt 0:
00:07]} 3. Nc3 {[%emt 0:00:04]} Bb4 {[%emt 0:00:00]} 4. Qc2 {[%emt 0:00:00]} c5
{[%emt 0:00:06]} 5. dxc5 {[%emt 0:00:01]} Qc7 {[%emt 0:00:00]} 6. Nf3 {[%emt 0:
00:12]} Bxc5 {[%emt 0:00:00]} 7. e3 {[%emt 0:00:03]} a6 {[%emt 0:00:01]} 8. b3
{[%emt 0:00:00]} b6 {[%emt 0:00:07]} 9. Bb2 {[%emt 0:00:01]} Bb7 {[%emt 0:00:
03]} 10. Bd3 {[%emt 0:00:03]} Be7 {[%emt 0:00:17]} 11. Ne4 {[%emt 0:00:11]} Nc6
{[%emt 0:00:12]} 12. a3 {[%emt 0:00:17]} Nxe4 {[%emt 0:00:37]} 13. Bxe4 {
[%emt 0:00:02]} f5 {[%emt 0:00:00]} 14. Bd3 {[%emt 0:00:02]} O-O {[%emt 0:00:
06]} 15. O-O {[%emt 0:00:11]} Bf6 {[%emt 0:00:07]} 16. Rad1 {[%emt 0:00:01]}
Rad8 {[%emt 0:00:05]} 17. Rfe1 {[%emt 0:00:17]} Ne7 {[%emt 0:00:25]} 18. Be2 {
[%emt 0:00:30]} Ng6 {[%emt 0:00:29]} 19. Bxf6 {[%emt 0:00:45]} Rxf6 {[%emt 0:
00:00]} 20. Qd2 {[%emt 0:00:00]} d6 {[%emt 0:00:26]} 21. Nd4 {[%emt 0:00:32]}
f4 {[%emt 0:00:00]} 22. Bf3 {[%emt 0:00:00]} Nh4 {[%emt 0:00:15]} 23. e4 {
[%emt 0:00:14]} e5 {[%emt 0:00:02]} 24. Nc2 {[%emt 0:00:09]} Nxf3+ {[%emt 0:00:
03]} 25. gxf3 {[%emt 0:00:00]} Qc8 {[%emt 0:00:02]} 26. Kf1 {[%emt 0:00:08]} b5
{[%emt 0:00:00]} 27. Qc3 {[%emt 0:00:02]} Kh8 {[%emt 0:00:13]} 28. Nb4 {
[%emt 0:00:04]} Rf7 {[%emt 0:00:03]} 29. Nd5 {[%emt 0:00:00]} Bxd5 {[%emt 0:00:
03]} 30. Rxd5 {[%emt 0:00:05]} bxc4 {[%emt 0:00:00]} 31. Qxc4 {[%emt 0:00:00]}
Rc7 {[%emt 0:00:03]} 32. Qb4 {[%emt 0:00:05]} h6 {[%emt 0:00:05]} 33. Red1 {
[%emt 0:00:00]} Rc2 {[%emt 0:00:00]} 34. R5d2 {[%emt 0:00:05]} Qh3+ {[%emt 0:
00:09]} 35. Ke2 {[%emt 0:00:00]} Rxd2+ {[%emt 0:00:03]} 36. Rxd2 {[%emt 0:00:
00]} Qe6 {[%emt 0:00:01]} 37. Rd5 {[%emt 0:00:01]} Qc8 {[%emt 0:00:02]} 38. Qc4
{[%emt 0:00:06]} Qb7 {[%emt 0:00:02]} 39. Qb4 {[%emt 0:00:00]} Qc7 {[%emt 0:00:
02]} 40. Qc4 {[%emt 0:00:00]} Qb7 {[%emt 0:00:00]} 41. Qb4 {[%emt 0:00:01]} Qc7
{[%emt 0:00:01]} 42. Qc4 {[%emt 0:00:03]} Qb7 {[%emt 0:00:02]} 1/2-1/2

[Event "RUS-ch Blitz 2021"]
[Site "Sochi"]
[Date "2021.10.11"]
[Round "4.3"]
[White "Rozum, Ivan"]
[Black "Sarana, Alexey"]
[Result "0-1"]
[WhiteElo "2529"]
[BlackElo "2649"]
[Annotator "ChessBase"]
[PlyCount "68"]
[EventDate "2021.10.11"]
[EventType "blitz"]
[EventCountry "RUS"]
[SourceTitle "playchess.com"]
[Source "ChessBase"]
[SourceQuality "1"]
[TimeControl "180+2"]

1. b3 {[%emt 0:00:00]} Nf6 {[%emt 0:00:00]} 2. Bb2 {[%emt 0:00:08]} d5 {
[%emt 0:00:02]} 3. Nf3 {[%emt 0:00:00]} c5 {[%emt 0:00:00]} 4. e3 {[%emt 0:00:
06]} e6 {[%emt 0:00:15]} 5. c4 {[%emt 0:00:03]} Nc6 {[%emt 0:00:00]} 6. cxd5 {
[%emt 0:00:07]} exd5 {[%emt 0:00:00]} 7. d4 {[%emt 0:00:03]} Bg4 {[%emt 0:00:
09]} 8. Be2 {[%emt 0:00:04]} cxd4 {[%emt 0:00:09]} 9. Nxd4 {[%emt 0:00:02]}
Bb4+ {[%emt 0:00:00]} 10. Bc3 {[%emt 0:00:12]} Bxe2 {[%emt 0:00:11]} 11. Nxe2 {
[%emt 0:00:14]} Qa5 {[%emt 0:00:08]} 12. O-O {[%emt 0:00:08]} Bxc3 {[%emt 0:00:
00]} 13. Nbxc3 {[%emt 0:00:00]} O-O {[%emt 0:00:06]} 14. Qd2 {[%emt 0:00:05]}
Rad8 {[%emt 0:00:02]} 15. Rfd1 {[%emt 0:00:00]} Rfe8 {[%emt 0:00:06]} 16. Rac1
{[%emt 0:00:00]} h6 {[%emt 0:00:03]} 17. h3 {[%emt 0:00:03]} Re5 {[%emt 0:00:
14]} 18. Nd4 {[%emt 0:00:16]} Qb4 {[%emt 0:00:51]} 19. Na4 {[%emt 0:00:33]} Qd6
{[%emt 0:00:11]} 20. Nxc6 {[%emt 0:00:09]} bxc6 {[%emt 0:00:00]} 21. Qa5 {
[%emt 0:00:11]} Rd7 {[%emt 0:00:23]} 22. Qc5 {[%emt 0:00:07]} Qxc5 {[%emt 0:00:
15]} 23. Rxc5 {[%emt 0:00:04]} Rc7 {[%emt 0:00:07]} 24. Rdc1 {[%emt 0:00:04]}
Re6 {[%emt 0:00:00]} 25. Ra5 {[%emt 0:00:03]} Rd6 {[%emt 0:00:07]} 26. Nc5 {
[%emt 0:00:00]} d4 {[%emt 0:00:06]} 27. e4 {[%emt 0:00:30]} d3 {[%emt 0:00:05]}
28. e5 {[%emt 0:00:13]} d2 {[%emt 0:00:00]} 29. Rd1 {[%emt 0:00:03]} Re7 {
[%emt 0:00:00]} 30. Ne4 {[%emt 0:00:24]} Rd4 {[%emt 0:00:11]} 31. Nc3 {[%emt 0:
00:04]} Nd5 {[%emt 0:00:07]} 32. Nxd5 {[%emt 0:00:03]} cxd5 {[%emt 0:00:04]}
33. Kf1 {[%emt 0:00:02]} Rxe5 {[%emt 0:00:04]} 34. Rxa7 {[%emt 0:00:00]} Rde4 {
[%emt 0:00:00]} 0-1

[Event "RUS-ch Blitz 2021"]
[Site "Sochi"]
[Date "2021.10.11"]
[Round "4.4"]
[White "Murzin, Volodar"]
[Black "Sjugirov, Sanan"]
[Result "1/2-1/2"]
[WhiteElo "2513"]
[BlackElo "2663"]
[Annotator "ChessBase"]
[PlyCount "98"]
[EventDate "2021.10.11"]
[EventType "blitz"]
[EventCountry "RUS"]
[SourceTitle "playchess.com"]
[Source "ChessBase"]
[SourceQuality "1"]
[TimeControl "180+2"]

1. e4 {[%emt 0:00:00]} c5 {[%emt 0:00:00]} 2. Nf3 {[%emt 0:00:10]} Nf6 {
[%emt 0:00:01]} 3. e5 {[%emt 0:00:04]} Nd5 {[%emt 0:00:01]} 4. Nc3 {[%emt 0:00:
01]} Nxc3 {[%emt 0:00:06]} 5. dxc3 {[%emt 0:00:00]} Nc6 {[%emt 0:00:00]} 6. Bd3
{[%emt 0:00:27]} e6 {[%emt 0:00:03]} 7. Bf4 {[%emt 0:00:09]} Qb6 {[%emt 0:00:
06]} 8. Nd2 {[%emt 0:00:22]} Qxb2 {[%emt 0:00:12]} 9. O-O {[%emt 0:00:18]} Qb6
{[%emt 0:00:27]} 10. Qh5 {[%emt 0:00:37]} Qd8 {[%emt 0:00:28]} 11. Ne4 {
[%emt 0:00:13]} b6 {[%emt 0:00:16]} 12. Rad1 {[%emt 0:00:17]} Bb7 {[%emt 0:00:
07]} 13. Rfe1 {[%emt 0:00:15]} Qc7 {[%emt 0:00:33]} 14. Ng5 {[%emt 0:00:07]} g6
{[%emt 0:00:07]} 15. Qh3 {[%emt 0:00:19]} Ne7 {[%emt 0:00:21]} 16. c4 {[%emt 0:
00:07]} h6 {[%emt 0:00:12]} 17. Ne4 {[%emt 0:00:00]} Bxe4 {[%emt 0:00:00]} 18.
Bxe4 {[%emt 0:00:04]} Nc6 {[%emt 0:00:09]} 19. Qf3 {[%emt 0:00:08]} Rc8 {
[%emt 0:00:00]} 20. Bg3 {[%emt 0:00:01]} Bg7 {[%emt 0:00:02]} 21. Rd6 {[%emt 0:
00:01]} Nxe5 {[%emt 0:00:16]} 22. Qd1 {[%emt 0:00:00]} O-O {[%emt 0:00:10]} 23.
Bxe5 {[%emt 0:00:04]} Bxe5 {[%emt 0:00:00]} 24. Rxd7 {[%emt 0:00:04]} Qb8 {
[%emt 0:00:09]} 25. g3 {[%emt 0:00:01]} Rcd8 {[%emt 0:00:00]} 26. Rxd8 {
[%emt 0:00:02]} Rxd8 {[%emt 0:00:01]} 27. Qg4 {[%emt 0:00:03]} Bg7 {[%emt 0:00:
01]} 28. h4 {[%emt 0:00:00]} h5 {[%emt 0:00:06]} 29. Qf3 {[%emt 0:00:00]} Qd6 {
[%emt 0:00:00]} 30. Bd3 {[%emt 0:00:00]} Bd4 {[%emt 0:00:02]} 31. Kf1 {[%emt 0:
00:06]} Qe7 {[%emt 0:00:00]} 32. Qe4 {[%emt 0:00:00]} Qf6 {[%emt 0:00:06]} 33.
Re2 {[%emt 0:00:01]} Kg7 {[%emt 0:00:00]} 34. a4 {[%emt 0:00:00]} Bc3 {[%emt 0:
00:00]} 35. Kg2 {[%emt 0:00:00]} Bd4 {[%emt 0:00:01]} 36. Qb7 {[%emt 0:00:02]}
e5 {[%emt 0:00:04]} 37. Qxa7 {[%emt 0:00:03]} Qe6 {[%emt 0:00:00]} 38. Qb7 {
[%emt 0:00:02]} Rd7 {[%emt 0:00:00]} 39. Qa8 {[%emt 0:00:01]} f5 {[%emt 0:00:
02]} 40. f3 {[%emt 0:00:01]} Re7 {[%emt 0:00:08]} 41. a5 {[%emt 0:00:00]} bxa5
{[%emt 0:00:01]} 42. Qxa5 {[%emt 0:00:02]} Qf6 {[%emt 0:00:01]} 43. c3 {
[%emt 0:00:07]} e4 {[%emt 0:00:00]} 44. fxe4 {[%emt 0:00:02]} Bxc3 {[%emt 0:00:
00]} 45. Qxc5 {[%emt 0:00:04]} Bd4 {[%emt 0:00:00]} 46. Qd5 {[%emt 0:00:04]}
fxe4 {[%emt 0:00:07]} 47. Bxe4 {[%emt 0:00:02]} Qe5 {[%emt 0:00:05]} 48. Qxe5+
{[%emt 0:00:01]} Rxe5 {[%emt 0:00:04]} 49. Bd3 {[%emt 0:00:00]} Rxe2+ {[%emt 0:
00:00]} 1/2-1/2

[Event "RUS-ch Blitz 2021"]
[Site "Sochi"]
[Date "2021.10.11"]
[Round "4.5"]
[White "Tsydypov, Zhamsaran"]
[Black "Pogosyan, Stefan"]
[Result "1/2-1/2"]
[WhiteElo "2526"]
[BlackElo "2407"]
[Annotator "ChessBase"]
[PlyCount "54"]
[EventDate "2021.10.11"]
[EventType "blitz"]
[EventCountry "RUS"]
[SourceTitle "playchess.com"]
[Source "ChessBase"]
[SourceQuality "1"]
[TimeControl "180+2"]

1. e4 {[%emt 0:00:00]} Nc6 {[%emt 0:00:00]} 2. d4 {[%emt 0:00:15]} d5 {[%emt 0:
00:08]} 3. Nc3 {[%emt 0:00:02]} Nf6 {[%emt 0:00:00]} 4. e5 {[%emt 0:00:10]} Nd7
{[%emt 0:00:00]} 5. Nf3 {[%emt 0:00:21]} Nb6 {[%emt 0:00:00]} 6. h3 {[%emt 0:
00:07]} Bf5 {[%emt 0:00:09]} 7. a3 {[%emt 0:00:11]} e6 {[%emt 0:00:00]} 8. Bd3
{[%emt 0:00:02]} Bxd3 {[%emt 0:00:06]} 9. Qxd3 {[%emt 0:00:04]} Be7 {[%emt 0:
00:02]} 10. O-O {[%emt 0:00:03]} O-O {[%emt 0:00:00]} 11. Ne2 {[%emt 0:00:06]}
f5 {[%emt 0:00:32]} 12. Nf4 {[%emt 0:00:22]} Qd7 {[%emt 0:00:07]} 13. b3 {
[%emt 0:00:03]} a5 {[%emt 0:00:12]} 14. c4 {[%emt 0:00:06]} dxc4 {[%emt 0:00:
48]} 15. bxc4 {[%emt 0:00:00]} Rad8 {[%emt 0:00:02]} 16. Rd1 {[%emt 0:00:40]}
g5 {[%emt 0:00:00]} 17. Nxg5 {[%emt 0:00:18]} Bxg5 {[%emt 0:00:03]} 18. Qg3 {
[%emt 0:00:00]} Kh8 {[%emt 0:00:37]} 19. Qxg5 {[%emt 0:00:06]} Nxe5 {[%emt 0:
00:08]} 20. dxe5 {[%emt 0:00:17]} Qxd1+ {[%emt 0:00:06]} 21. Kh2 {[%emt 0:00:
00]} Qd7 {[%emt 0:00:05]} 22. Be3 {[%emt 0:00:15]} Nxc4 {[%emt 0:00:08]} 23.
Rd1 {[%emt 0:00:13]} Qxd1 {[%emt 0:00:23]} 24. Ng6+ {[%emt 0:00:00]} hxg6 {
[%emt 0:00:00]} 25. Qh6+ {[%emt 0:00:00]} Kg8 {[%emt 0:00:00]} 26. Qxg6+ {
[%emt 0:00:08]} Kh8 {[%emt 0:00:00]} 27. Qh6+ {[%emt 0:00:00]} Kg8 {[%emt 0:00:
00]} 1/2-1/2

[Event "RUS-ch Blitz 2021"]
[Site "Sochi"]
[Date "2021.10.11"]
[Round "4.6"]
[White "Indzhiev, Aldar"]
[Black "Alekseev, Evgeny"]
[Result "0-1"]
[WhiteElo "2101"]
[BlackElo "2602"]
[Annotator "ChessBase"]
[PlyCount "100"]
[EventDate "2021.10.11"]
[EventType "blitz"]
[EventCountry "RUS"]
[SourceTitle "playchess.com"]
[Source "ChessBase"]
[SourceQuality "1"]
[TimeControl "180+2"]

1. d4 {[%emt 0:00:04]} Nf6 {[%emt 0:00:00]} 2. c4 {[%emt 0:00:00]} e6 {[%emt 0:
00:00]} 3. Nc3 {[%emt 0:00:06]} d5 {[%emt 0:00:04]} 4. cxd5 {[%emt 0:00:00]}
exd5 {[%emt 0:00:00]} 5. Bg5 {[%emt 0:00:00]} c6 {[%emt 0:00:09]} 6. e3 {
[%emt 0:00:00]} Nbd7 {[%emt 0:00:00]} 7. Bd3 {[%emt 0:00:00]} Bd6 {[%emt 0:00:
00]} 8. Qc2 {[%emt 0:00:05]} Nf8 {[%emt 0:00:00]} 9. Nf3 {[%emt 0:00:07]} Ng6 {
[%emt 0:00:00]} 10. h4 {[%emt 0:00:35]} h6 {[%emt 0:00:13]} 11. Bxg6 {[%emt 0:
00:10]} hxg5 {[%emt 0:00:05]} 12. Bd3 {[%emt 0:00:00]} gxh4 {[%emt 0:00:25]}
13. Rxh4 {[%emt 0:00:06]} Rxh4 {[%emt 0:00:04]} 14. Nxh4 {[%emt 0:00:00]} Be6 {
[%emt 0:00:12]} 15. Nf5 {[%emt 0:00:07]} Bf8 {[%emt 0:00:02]} 16. O-O-O {
[%emt 0:00:09]} Qa5 {[%emt 0:00:16]} 17. Kb1 {[%emt 0:00:10]} O-O-O {[%emt 0:
00:00]} 18. Rh1 {[%emt 0:00:00]} Kb8 {[%emt 0:00:13]} 19. Ng3 {[%emt 0:00:29]}
g6 {[%emt 0:00:05]} 20. Nge2 {[%emt 0:00:22]} Bd6 {[%emt 0:00:07]} 21. g3 {
[%emt 0:00:05]} Qc7 {[%emt 0:00:17]} 22. Nf4 {[%emt 0:00:00]} Bc8 {[%emt 0:00:
00]} 23. Ka1 {[%emt 0:00:09]} Qe7 {[%emt 0:00:00]} 24. Na4 {[%emt 0:00:08]} Ng4
{[%emt 0:00:28]} 25. a3 {[%emt 0:00:12]} Qf6 {[%emt 0:00:16]} 26. Rh7 {[%emt 0:
00:20]} Rh8 {[%emt 0:00:16]} 27. Rxh8 {[%emt 0:00:09]} Qxh8 {[%emt 0:00:00]}
28. Qe2 {[%emt 0:00:07]} Qh2 {[%emt 0:00:06]} 29. f3 {[%emt 0:00:15]} Qxe2 {
[%emt 0:00:00]} 30. Nxe2 {[%emt 0:00:01]} Nxe3 {[%emt 0:00:04]} 31. Nac3 {
[%emt 0:00:00]} Nf1 {[%emt 0:00:08]} 32. g4 {[%emt 0:00:04]} Nh2 {[%emt 0:00:
11]} 33. Ng1 {[%emt 0:00:03]} Bf4 {[%emt 0:00:07]} 34. Nce2 {[%emt 0:00:04]}
Be3 {[%emt 0:00:00]} 35. Kb1 {[%emt 0:00:00]} b6 {[%emt 0:00:04]} 36. Kc2 {
[%emt 0:00:00]} c5 {[%emt 0:00:02]} 37. dxc5 {[%emt 0:00:05]} bxc5 {[%emt 0:00:
00]} 38. b3 {[%emt 0:00:03]} Kc7 {[%emt 0:00:02]} 39. Kd1 {[%emt 0:00:00]} Kd6
{[%emt 0:00:02]} 40. Bb5 {[%emt 0:00:02]} Be6 {[%emt 0:00:04]} 41. Kc2 {
[%emt 0:00:02]} f5 {[%emt 0:00:08]} 42. gxf5 {[%emt 0:00:00]} gxf5 {[%emt 0:00:
01]} 43. Kd3 {[%emt 0:00:02]} f4 {[%emt 0:00:03]} 44. Kc2 {[%emt 0:00:02]} Ke5
{[%emt 0:00:01]} 45. a4 {[%emt 0:00:03]} Bf5+ {[%emt 0:00:01]} 46. Bd3 {
[%emt 0:00:00]} Be6 {[%emt 0:00:02]} 47. a5 {[%emt 0:00:02]} Bf7 {[%emt 0:00:
02]} 48. a6 {[%emt 0:00:05]} Bh5 {[%emt 0:00:01]} 49. Bh7 {[%emt 0:00:02]} Nxf3
{[%emt 0:00:01]} 50. Kd3 {[%emt 0:00:04]} Nxg1 {[%emt 0:00:05]} 0-1